| 000 | 00792cab a2200241 4500 | ||
|---|---|---|---|
| 001 | X3590 | ||
| 008 | 090401t1996 xxu||||| |||| 00| 0 eng d | ||
| 035 | _a(Sirsi) u31349 | ||
| 041 | _aeng | ||
| 245 | _aHamlin v Evans | ||
| 260 | _c1996 | ||
| 350 | _a0 | ||
| 490 |
_aConstruction Industry Law Letter _v1996 CILL 1173-1174(2) |
||
| 520 | _aCA 4 July 1996. Limitation aAt 1980 s14A. Single course of action arisingng from negligent survey. Effectiveness of compromise.. | ||
| 650 | _aBUILT ENVIRONMENT-BUILDING PATHOLOGY-INFESTATION (FUNGAL)-FUNGI-DRY ROT | ||
| 650 | _aFORM OF DISCHARGE | ||
| 650 | _aLIMITATION ACT 1980 S14A | ||
| 650 | _aNEGLIGENT SURVEY | ||
| 650 | _aSTRUCTURAL DEFECTS | ||
| 690 | _aPROPERTY LAW AND PRACTICE-CASE LAW | ||
| 942 | _n0 | ||
| 948 | _c04/03/1997 | ||
| 999 |
_c21051 _d21051 |
||